000 00622nam a22001937a 4500
999 _c17221
_d17221
008 180925b xxu||||| |||| 00| 0 eng d
020 _a0821353543
040 _aKABU
_cKABU
050 _aHD1699
_b.A1S23 2002 c. 1
100 _aSadoff, Claudia W.
245 _aAfrica's international rivers
_ban economic perspective
_cClaudia W. Sadoff
260 _aWashington, D.C.
_bThe World Bank
_c2002
300 _ax, 81 p.
650 _aWater resources development
_zAfrica
650 _aRivers
_xEconomic aspects
_zAfrica
650 _aInternational rivers
_zAfrica
700 _aGrey, David
942 _2lcc
_cBK
_hHD1699